| 000 | 00461nam a22001337a 4500 | ||
|---|---|---|---|
| 008 | 110421t xxu||||| |||| 00| 0 eng d | ||
| 020 | _a9970811028 | ||
| 082 | _a346.052 LAW | ||
| 110 |
_aWomen and the Law in East Africa ; _91389 |
||
| 245 |
_aWomen and the Law in East Africa ; _bThe Law of Succession in Uganda: Women, Inheritance Laws and Practices. |
||
| 260 |
_aKampala: _bLDC Publishers Printing Press, _c2001. |
||
| 300 |
_av,348p.; _c19 cm. |
||
| 942 |
_2ddc _cBK |
||
| 999 |
_c467 _d467 |
||